000 00790pam a2200241 a 4500
001 4434705
005 20180227033347.0
008 941006s1995 iau bf s001 0 eng
010 _a 94038603
020 _a0813824435 (softcover) :
_c$44.95
020 _a0813823528 (pocket edition)
040 _aDLC
_cDLC
_dDLC
041 _aeng
080 _a636.089
082 0 0 _a636.089 PLU
_220
100 1 _a5
101 _aSHF
245 1 0 _aVeterinary drug handbook /
_cDonald C. Plumb.
504 _aIncludes bibliographical references (p. 682-710) and index.
906 _a7
_bcbc
_corignew
_d1
_eocip
_f19
_gy-gencatlg
942 _2ddc
_cBK
999 _c43538
_d43538